<?xml version="1.0" encoding="UTF-8"?>
<record
    xmlns:xsi="http://www.w3.org/2001/XMLSchema-instance"
    xsi:schemaLocation="http://www.loc.gov/MARC21/slim http://www.loc.gov/standards/marcxml/schema/MARC21slim.xsd"
    xmlns="http://www.loc.gov/MARC21/slim">

  <leader>01736nam a2200205Ia 4500</leader>
  <controlfield tag="001">b6641-47604 </controlfield>
  <controlfield tag="003">IT-MiCISF</controlfield>
  <controlfield tag="008">161014s9999||||xx |||||||||||||| ||und||</controlfield>
  <datafield tag="040" ind1=" " ind2=" ">
    <subfield code="a">IT-MiCISF</subfield>
    <subfield code="c">IT-MiCISF</subfield>
  </datafield>
  <datafield tag="041" ind1=" " ind2=" ">
    <subfield code="a">it</subfield>
  </datafield>
  <datafield tag="100" ind1=" " ind2=" ">
    <subfield code="a">Ponzio Giuliana</subfield>
  </datafield>
  <datafield tag="245" ind1=" " ind2="0">
    <subfield code="a">Un mondo sovvertito</subfield>
    <subfield code="b">Esperienze di lavoro in case rifugio per vittime di violenza domestica</subfield>
  </datafield>
  <datafield tag="250" ind1=" " ind2=" ">
    <subfield code="a">1a ed.</subfield>
  </datafield>
  <datafield tag="260" ind1=" " ind2=" ">
    <subfield code="a"> Firenze</subfield>
    <subfield code="b">Le Lettere</subfield>
    <subfield code="c">2010</subfield>
  </datafield>
  <datafield tag="300" ind1=" " ind2=" ">
    <subfield code="a">pp. 114</subfield>
  </datafield>
  <datafield tag="500" ind1=" " ind2=" ">
    <subfield code="a"> / abuso-coniugale, associazioni, esperienze, rapporti-operatori-utenti / Parlare della violenza che si consuma sulle donne e i bambini al riparo delle mura domestiche, pur essendo un argomento che ogni giorno occupa spazi sempre pi&#xF9; ampi di notizie, significa spesso, ancora oggi, toccare un terreno scivoloso e confuso,la cui pi&#xF9; auspicabile soluzione sembrerebbe per molti un mirabile colpo si spugna, un veloce ravvedimento che trasformasse in principe l'orco cattivo. Come se l'evento spaventoso e traumatico potesse scivolare via se minimizzato, confuso, sminuito, sbiancato. La realt&#xE0; dei fatti dimostra con una precisione impietosa lo sconquasso e il sovvertimento profondo che le vittime di violenza, donne e bambini, si portano dietro spesso di generazione in generazione. Il privilegio di lavorare nelle case rifugio, a diretto contatto con loro, ha il potere di ricondurre il fenomeno della violenza a tutta la sua precisa gravit&#xE0;, seguendo dopo giorno dopo giorno, da un lato i danni, la perdita d'identit&#xE0; e lo sconcerto causati dal maltrattamento e dall'altro per&#xF2; anche il lento riemergere dell'ordine dopo il caos della violenza.</subfield>
  </datafield>
  <datafield tag="650" ind1=" " ind2=" ">
    <subfield code="a"> Famiglia nella societ&#xE0; / maltrattamenti-violenza</subfield>
    <subfield code="e">006</subfield>
  </datafield>
  <datafield tag="942" ind1=" " ind2=" ">
    <subfield code="c">BK</subfield>
  </datafield>
  <datafield tag="957" ind1=" " ind2=" ">
    <subfield code="7">1</subfield>
  </datafield>
  <datafield tag="999" ind1=" " ind2=" ">
    <subfield code="a">47604</subfield>
    <subfield code="b">si</subfield>
    <subfield code="g">1</subfield>
    <subfield code="c">210384</subfield>
    <subfield code="d">210384</subfield>
  </datafield>
  <datafield tag="952" ind1=" " ind2=" ">
    <subfield code="0">0</subfield>
    <subfield code="1">0</subfield>
    <subfield code="4">0</subfield>
    <subfield code="6">B_664147604</subfield>
    <subfield code="7">1</subfield>
    <subfield code="a">CISF</subfield>
    <subfield code="b">CISF</subfield>
    <subfield code="d">2016-10-14</subfield>
    <subfield code="l">0</subfield>
    <subfield code="o">b6641-47604 </subfield>
    <subfield code="r">2016-10-14 00:00:00</subfield>
    <subfield code="w">2016-10-14</subfield>
    <subfield code="y">BK</subfield>
    <subfield code="z">Data import 15.10.2016 / by Epidotti, Vaglietti</subfield>
  </datafield>
</record>
